000 00632pam a2200229 i 4500
001 847370
003 OSt
005 20180116183026.0
008 780914s1979 nyu 000 1 eng
010 _a 78011395
020 _a0671240587
040 _aDLC
_cDLC
_dDLC
050 0 0 _aPZ4.S84554
_bBy
_aPS3569.T453
082 0 0 _a813.54 STE 1979
100 1 _aStevens, Shane.
245 1 0 _aBy Reason of Insanity
_cShane Stevens.
260 _aNew York :
_bSimon and Schuster,
_cc1979.
300 _a561 p. ;
_c24 cm.
440 _aBy Reason of Insanity
906 _a7
_bcbc
_corignew
_d1
_eocip
_f19
_gy-gencatlg
942 _2ddc
_cBK
999 _c350790
_d350790